Logo BPK

Biblioteka

Politechniki Koszalińskiej

English language dictionary / (Rekord nr 29349)

Szczegóły MARC
000 -ETYKIETA REKORDU
podpole kontrolne o stałej długości 00839nam a2200229 i 4500
001 - NUMER KONTROLNY REKORDU
pole kontrolne 29349
003 - IDENTYFIKATOR NUMERU KONTROLNEGO REKORDU
podpole kontrolne KOSZ 005
005 - DATA OSTATNIEJ MODYFIKACJI REKORDU
podpole kontrolne 20180920121918.0
008 - POLE O STAŁEJ DŁUGOŚCI - DANE KONTROLNE
podpole kontrolne o stałej długości 990506s1990 xxk |000 0 eng
020 ## - MIĘDZYNARODOWY ZNORMALIZOWANY NUMER KSIĄŻKI - ISBN
ISBN 0003750213
020 ## - MIĘDZYNARODOWY ZNORMALIZOWANY NUMER KSIĄŻKI - ISBN
ISBN 3125179106
035 ## - NUMER SYSTEMOWY
Numer systemowy przejętego rekordu (OCoLC)835930161
040 ## - ŹRÓDŁO KATALOGOWANIA
Instytucja, która sporządziła opis WA N
Instytucja, która utworzyła rekord WA N
Instytucja, która dokonała modyfikacji KOSZ 005/HR
245 00 - TYTUŁ/ODPOWIEDZIALNOŚĆ
Tytuł English language dictionary /
Pozostałe elementy strefy tytułu i oznaczenia odpowiedzialności [ed. in chief John Sinclair] ; Collins ; COBUILD Collins Birmingham University International Language Database.
260 ## - STREFA ADRESU WYDAWNICZEGO
Miejsce wydania London ;
-- Glasgow :
Nazwa wydawcy/dystrybutora Collins ;
Miejsce wydania Stuttgart :
Nazwa wydawcy/dystrybutora Klett,
Data publikacji, dystrybucji/powstania dokumentu 1990.
300 ## - STREFA OPISU FIZYCZNEGO
Objętość XXIV, 1703 s. ;
Rozmiary 26 cm.
380 ## - FORMA I TYP PUBLIKACJI
Forma i typ publikacji Książki
658 ## - TERMIN INDEKSOWY - PRZEDMIOT PROGRAMU NAUCZANIA
Główny przedmiot programu nauczania Językoznawstwo
700 1# - HASŁO DODATKOWE - NAZWA OSOBOWA
Nazwa osobowa Sinclair, John McHardy
Daty związane z nazwą (1933-2007).
Określenie związku między hasłem a opisywanym materiałem Redakcja
856 ## - LOKALIZACJA I DOSTĘP DO ELEKTRONICZNYCH DOKUMENTÓW ZDALNYCH
Link (URL) http://koha.tu.koszalin.pl/cgi-bin/koha/opac-detail.pl?biblionumber=29349
Tekst linku Katalog online BPK
942 ## - DODATKOWE ELEMENTY (KOHA)
Schemat klasyfikacji Uniwersalna Klasyfikacja Dziesiętna
Typ dokumentu Książka
Egzemplarze
Wycofany Status egzemplarza Uszkodzony Dostępność Lokalizacja stała Lokalizacja bieżąca Miejsce przechowywania Sygnatura Kod kreskowy Typ dokumentu
      Tylko na miejscu Biblioteka Politechniki Koszalińskiej Biblioteka Politechniki Koszalińskiej Czytelnia Wydziałowa ul. Kwiatkowskiego 6e 35497 02187099 Książka
© 2023 Biblioteka Politechniki Koszalińskiej :: KOHA